[Event "NAYCC U14"]
[Site "Kingston CAN"]
[Date "2019.08.17"]
[Round "3.116"]
[White "Doknjas, Neil"]
[Black "Li, Weijie"]
[Result "1-0"]
[WhiteElo "2083"]
[BlackElo "2022"]
[PlyCount "83"]
[EventDate "2019.08.16"]
[EventType "swiss"]
[EventRounds "9"]
[EventCountry "CAN"]

1. e4 c5 2. Nf3 a6 3. c3 d5 4. exd5 Qxd5 5. d4 Nf6 6. Be3 cxd4 7. cxd4 e6 8.
Nc3 Qd6 9. Bd3 Be7 10. O-O O-O 11. Rc1 Nc6 12. Ng5 g6 13. Nge4 Qd8 14. Bb1 Nd5
15. Nxd5 exd5 16. Nc5 b6 17. Nd3 Bb7 18. f4 Qd6 19. Ne5 Bf6 20. Qg4 Bg7 21. Qh4
Rae8 22. Rfe1 Re7 23. Nxc6 Bxc6 24. Rxc6 Qd7 25. Rcc1 Rfe8 26. Qf2 Qa4 27. b3
Qb4 28. Bd2 Qxd4 29. Rxe7 Qxf2+ 30. Kxf2 Bd4+ 31. Be3 Rxe7 32. Bxd4 f5 33. Bxb6
Rd7 34. Rc8+ Kf7 35. Rc7 Ke6 36. Rxd7 Kxd7 37. Ke3 Kc6 38. Ba7 a5 39. a4 Kb7
40. Bc5 Kc6 41. Kd4 h6 42. h4 1-0

[Event "NAYCC U14"]
[Site "Kingston CAN"]
[Date "2019.08.17"]
[Round "3.117"]
[White "Zhang, Samuel"]
[Black "Tanaka, Tyler"]
[Result "0-1"]
[WhiteElo "2048"]
[BlackElo "2227"]
[PlyCount "88"]
[EventDate "2019.08.16"]
[EventType "swiss"]
[EventRounds "9"]
[EventCountry "CAN"]

1. e4 c5 2. Nf3 d6 3. d4 cxd4 4. Nxd4 Nf6 5. Nc3 g6 6. g3 Bg7 7. Bg2 O-O 8. O-O
Nc6 9. Nde2 Bd7 10. h3 Rc8 11. Be3 a6 12. Rb1 Qa5 13. a4 Qh5 14. Nf4 Qxd1 15.
Rfxd1 Nb4 16. Rd2 Bc6 17. a5 Nd7 18. Ncd5 Bxd5 19. Nxd5 Nxd5 20. exd5 Rc7 21.
b3 Bc3 22. Re2 Bxa5 23. c4 Bc3 24. Rc1 Bb4 25. Bg5 f6 26. Bd2 Bxd2 27. Rxd2 Kf7
28. Rdc2 Rfc8 29. h4 f5 30. Re1 b5 31. Rce2 Ne5 32. c5 Nd3 33. cxd6 exd6 34.
Ra1 Rc1+ 35. Rxc1 Nxc1 36. Re6 Rd8 37. Re3 b4 38. Kf1 Re8 39. Rxe8 Kxe8 40. Ke1
Nxb3 41. Bf1 a5 42. Kd1 Nc5 43. Kc2 a4 44. Kb2 Ke7 0-1

[Event "NAYCC U14"]
[Site "Kingston CAN"]
[Date "2019.08.17"]
[Round "3.118"]
[White "De Costa, Benjamin"]
[Black "Putnam, Liam Henry"]
[Result "0-1"]
[WhiteElo "1332"]
[BlackElo "2252"]
[PlyCount "106"]
[EventDate "2019.08.16"]
[EventType "swiss"]
[EventRounds "9"]
[EventCountry "CAN"]

1. d4 Nf6 2. c4 g6 3. f3 Bg7 4. e4 d6 5. Nc3 O-O 6. Be3 Nc6 7. Nge2 a6 8. Qd2
Rb8 9. Ng3 h5 10. Bd3 h4 11. Nge2 Bd7 12. d5 Ne5 13. Nd4 c5 14. dxc6 bxc6 15.
b3 h3 16. Bf1 Nh5 17. O-O-O c5 18. Nde2 a5 19. f4 Ng4 20. Bxc5 dxc5 21. gxh3
Nf2 22. Qxd7 Qxd7 23. Rxd7 Nxh1 24. Nd5 e6 25. Ne7+ Kh8 26. Nc6 Rb6 27. Nxa5
Ra6 28. Bg2 Rxa5 29. Bxh1 Rxa2 30. Bf3 Rb8 31. Rd3 Rxe2 32. Bxe2 Nxf4 33. Rd2
Nxe2+ 34. Rxe2 Rxb3 35. Rf2 f5 36. exf5 gxf5 37. Re2 e5 38. h4 Rc3+ 39. Rc2
Rxc2+ 40. Kxc2 e4 41. Kd2 Bd4 42. Ke2 f4 43. h3 f3+ 44. Kf1 e3 45. Ke1 e2 46.
Kd2 Bf2 47. h5 e1=Q+ 48. Kd3 Qe2+ 49. Kc3 Bd4+ 50. Kb3 f2 51. h4 Qb2+ 52. Ka4
f1=R 53. h6 Ra1# 0-1

[Event "NAYCC U14"]
[Site "Kingston CAN"]
[Date "2019.08.17"]
[Round "3.119"]
[White "Windram, James"]
[Black "Wang, Oscar"]
[Result "1/2-1/2"]
[WhiteElo "2064"]
[BlackElo "1787"]
[PlyCount "112"]
[EventDate "2019.08.16"]
[EventType "swiss"]
[EventRounds "9"]
[EventCountry "CAN"]

1. e4 c5 2. Nf3 Nc6 3. d4 cxd4 4. Nxd4 g6 5. c4 Bg7 6. Be3 Nf6 7. Nc3 d6 8. Be2
O-O 9. O-O Bd7 10. Nc2 Rc8 11. f3 b6 12. Qd2 h5 13. h3 Qc7 14. Rad1 Rfe8 15. f4
Rf8 16. f5 Ne5 17. Na3 Qb7 18. fxg6 fxg6 19. Nd5 Nxe4 20. Nxe7+ Kh7 21. Qc2
Rce8 22. Rxf8 Bxf8 23. Nd5 Bf5 24. Qa4 Nc6 25. Nb5 Bg7 26. Nxa7 Ra8 27. Qxc6
Qxa7 28. Bxb6 Qxa2 29. Bd4 Bxd4+ 30. Rxd4 Qa7 31. Qb6 Qa1+ 32. Rd1 Qa7 33.
Qxa7+ Rxa7 34. Bd3 Ra2 35. Bxe4 Bxe4 36. Nc3 Bc2 37. Nxa2 Bxd1 38. Nc1 Kg7 39.
Kf2 Kf6 40. Ke3 Ba4 41. g3 Bc6 42. Nd3 Bg2 43. Nf2 Ke6 44. Kf4 Bf1 45. b3 Be2
46. Kg5 Kf7 47. Ne4 Bd1 48. Nxd6+ Ke6 49. Ne4 Bc2 50. Nd2 Ke5 51. g4 hxg4 52.
hxg4 Kd4 53. Nf3+ Ke4 54. Kxg6 Kxf3+ 55. Kf6 Bxb3 56. c5 Kxg4 1/2-1/2

[Event "NAYCC U14"]
[Site "Kingston CAN"]
[Date "2019.08.17"]
[Round "3.120"]
[White "Zong, Davis"]
[Black "Hua, Charles"]
[Result "1-0"]
[WhiteElo "2263"]
[BlackElo "2062"]
[PlyCount "105"]
[EventDate "2019.08.16"]
[EventType "swiss"]
[EventRounds "9"]
[EventCountry "CAN"]

1. d4 Nf6 2. c4 c5 3. d5 b5 4. cxb5 a6 5. bxa6 g6 6. Nc3 Bxa6 7. e4 Bxf1 8.
Kxf1 d6 9. g3 Bg7 10. Nf3 Nbd7 11. Kg2 O-O 12. Qe2 Qa5 13. Bg5 Rfb8 14. Rhb1 h6
15. Bd2 Ne8 16. Qe1 Nc7 17. a4 Kh7 18. Nb5 Qb6 19. Nxc7 Qxc7 20. Bc3 Rb3 21.
Qd1 Rab8 22. Nd2 R3b7 23. Nc4 Ra7 24. Bxg7 Kxg7 25. Qc2 Rb4 26. b3 Nb6 27. Na3
Qc8 28. f3 Na8 29. Qc3+ Kh7 30. Nc2 Rb8 31. b4 cxb4 32. Qxc8 Rxc8 33. Nxb4 Nb6
34. a5 Nc4 35. Nc6 Ra6 36. Ra4 Ne5 37. Nxe5 dxe5 38. Rb7 Re8 39. Rb6 Ra7 40. a6
Kg7 41. Rb7 Raa8 42. a7 Kf6 43. Ra6+ Kg7 44. Kh3 Kf8 45. Rab6 f6 46. d6 exd6
47. Rxd6 Re7 48. Rxf6+ Kg7 49. Rxg6+ Kxg6 50. Rxe7 Kf6 51. Rb7 Kg6 52. Kg2 Kf6
53. f4 1-0

[Event "NAYCC U14"]
[Site "Kingston CAN"]
[Date "2019.08.17"]
[Round "3.121"]
[White "Oberoi, Shelev"]
[Black "Richard, Leo"]
[Result "1-0"]
[WhiteElo "2140"]
[BlackElo "1940"]
[PlyCount "54"]
[EventDate "2019.08.16"]
[EventType "swiss"]
[EventRounds "9"]
[EventCountry "CAN"]

1. e4 c5 2. c3 d5 3. exd5 Qxd5 4. d4 e6 5. Nf3 Nc6 6. Be3 cxd4 7. cxd4 Nf6 8.
Nc3 Bb4 9. Bd3 O-O 10. O-O Qd8 11. Qc2 Be7 12. a3 h6 13. Rfd1 Nd5 14. Ne4 a5
15. Rac1 Qb6 16. Nc5 Rd8 17. Qe2 Nxe3 18. fxe3 Bf6 19. Bb1 Be7 20. Qc2 g6 21.
h4 h5 22. Ng5 Bxg5 23. hxg5 e5 24. Ba2 Kg7 25. Qf2 Bf5 26. d5 Nb8 27. e4 Bg4
1-0

[Event "NAYCC U14"]
[Site "Kingston CAN"]
[Date "2019.08.17"]
[Round "3.122"]
[White "Zhang, Kevin2"]
[Black "Gao, Raymond"]
[Result "1/2-1/2"]
[WhiteElo "1795"]
[BlackElo "2136"]
[PlyCount "65"]
[EventDate "2019.08.16"]
[EventType "swiss"]
[EventRounds "9"]
[EventCountry "CAN"]

1. e4 c5 2. Nf3 d6 3. Bb5+ Bd7 4. Bxd7+ Nxd7 5. O-O Ngf6 6. Re1 e6 7. d4 Be7 8.
Nc3 O-O 9. Bg5 h6 10. Bxf6 Bxf6 11. e5 dxe5 12. dxe5 Be7 13. Qd3 Qc7 14. Nb5
Qc6 15. Rad1 Rfd8 16. c4 a6 17. Nc3 b5 18. b3 Qb7 19. Qe2 bxc4 20. bxc4 Qb4 21.
Ne4 Rab8 22. Rc1 Nb6 23. Qc2 Qa4 24. Qe2 Qb4 25. Qc2 a5 26. Nfd2 a4 27. Rb1 Qa5
28. Rb5 Qa7 29. Nxc5 Nxc4 30. Rxb8 Rxb8 31. Qxc4 Qxc5 32. Qxa4 Rb2 33. Rd1
1/2-1/2

[Event "NAYCC U14"]
[Site "Kingston CAN"]
[Date "2019.08.17"]
[Round "3.123"]
[White "Li, Kevin"]
[Black "Li, Dennis"]
[Result "0-1"]
[WhiteElo "1912"]
[BlackElo "2151"]
[PlyCount "62"]
[EventDate "2019.08.16"]
[EventType "swiss"]
[EventRounds "9"]
[EventCountry "CAN"]

1. e4 c5 2. Nf3 d6 3. d4 cxd4 4. Nxd4 Nf6 5. Nc3 g6 6. Be3 Bg7 7. f3 a6 8. Qd2
h5 9. h4 Nbd7 10. Be2 b5 11. a3 Bb7 12. O-O-O Rc8 13. Kb1 Nb6 14. Rhe1 Qc7 15.
Bg5 Nc4 16. Bxc4 Qxc4 17. e5 dxe5 18. Rxe5 Ba8 19. Rxe7+ Kxe7 20. Nf5+ Kf8 21.
Qd6+ Kg8 22. Ne7+ Kh7 23. Nxc8 Rxc8 24. Bxf6 Rc6 25. Qb8 Bxf6 26. Qxa8 Bxc3 27.
bxc3 Qxc3 28. Rc1 b4 29. Qb7 Qf6 30. axb4 Rb6 31. Qe4 Qc3 0-1

[Event "NAYCC U14"]
[Site "Kingston CAN"]
[Date "2019.08.17"]
[Round "3.124"]
[White "Huang, Ryan"]
[Black "Joseph Benher, Savio"]
[Result "1-0"]
[WhiteElo "2024"]
[BlackElo "2033"]
[PlyCount "87"]
[EventDate "2019.08.16"]
[EventType "swiss"]
[EventRounds "9"]
[EventCountry "CAN"]

1. d4 Nf6 2. c4 e6 3. Nc3 Bb4 4. e3 b6 5. Nge2 Ba6 6. a3 Be7 7. Nf4 d5 8. cxd5
Bxf1 9. Kxf1 Nxd5 10. Qf3 c6 11. g3 Nxf4 12. Qxf4 O-O 13. Kg2 Nd7 14. Rd1 Qc8
15. b4 c5 16. dxc5 bxc5 17. b5 Bf6 18. Bb2 a6 19. a4 axb5 20. axb5 Rxa1 21.
Bxa1 Bxc3 22. Bxc3 Qb7+ 23. e4 Qxb5 24. Qg4 g6 25. h4 Qc4 26. Ba1 Qa4 27. h5 f5
28. Qe2 f4 29. gxf4 Nf6 30. hxg6 hxg6 31. Bxf6 Rxf6 32. Rd8+ Kg7 33. Qe3 Qc6
34. Kg3 Qc7 35. e5 Rf7 36. Rd6 Re7 37. Qe4 Kf7 38. Kg4 Qa5 39. Kg5 Kf8 40. Kh6
Qc7 41. Qxg6 Rg7 42. Qf6+ Rf7 43. Rd8+ Qxd8 44. Qxd8# 1-0

[Event "NAYCC U14"]
[Site "Kingston CAN"]
[Date "2019.08.17"]
[Round "3.125"]
[White "Li, Wing"]
[Black "Lu, Jason"]
[Result "0-1"]
[WhiteElo "1619"]
[BlackElo "2161"]
[PlyCount "66"]
[EventDate "2019.08.16"]
[EventType "swiss"]
[EventRounds "9"]
[EventCountry "CAN"]

1. d4 Nf6 2. c4 g6 3. g3 Bg7 4. Bg2 O-O 5. Nf3 d6 6. O-O c5 7. d5 e6 8. dxe6
Bxe6 9. Qb3 Nc6 10. Nfd2 Qd7 11. Nc3 a6 12. Qa4 Bh3 13. Nd5 Bxg2 14. Kxg2 b5
15. Nxf6+ Bxf6 16. cxb5 Nd4 17. Qc4 axb5 18. Qd3 c4 19. Ne4 Bg7 20. Qd1 Rfe8
21. e3 Nb3 22. Rb1 Nxc1 23. Rxc1 Rxe4 24. Qc2 Ree8 25. a3 Qc6+ 26. Kg1 Qe4 27.
Rfd1 Qxc2 28. Rxc2 Rad8 29. Rcd2 d5 30. Rxd5 Rxd5 31. Rxd5 Bxb2 32. Rxb5 Bxa3
33. Ra5 Bf8 0-1

[Event "NAYCC U14"]
[Site "Kingston CAN"]
[Date "2019.08.17"]
[Round "3.126"]
[White "Zhou, Skyler"]
[Black "Jeyakumar, Bhavatharshan"]
[Result "1/2-1/2"]
[WhiteElo "1851"]
[BlackElo "1731"]
[PlyCount "70"]
[EventDate "2019.08.16"]
[EventType "swiss"]
[EventRounds "9"]
[EventCountry "CAN"]

1. d4 Nf6 2. c4 e5 3. dxe5 Ng4 4. Nf3 Bc5 5. e3 Nc6 6. a3 a5 7. b3 Ncxe5 8.
Nxe5 Nxe5 9. Bb2 d6 10. Nd2 O-O 11. Nf3 Bg4 12. Be2 Bxf3 13. Bxf3 Nxf3+ 14.
Qxf3 Qe7 15. O-O c6 16. Qg3 f6 17. Rfd1 Rad8 18. Bc3 Bb6 19. b4 axb4 20. axb4
Qe6 21. Bd4 c5 22. bxc5 dxc5 23. Bb2 Rxd1+ 24. Rxd1 Qxc4 25. Rd7 g6 26. Qh3 Rf7
27. Rxb7 Qb3 28. Qc8+ Rf8 29. Qd7 Rf7 30. Qe8+ Kg7 31. Rxf7+ Qxf7 32. Qc6 Ba7
33. g4 h6 34. h4 g5 35. hxg5 hxg5 1/2-1/2

[Event "NAYCC U14"]
[Site "Kingston CAN"]
[Date "2019.08.17"]
[Round "3.127"]
[White "Wu, Lucian"]
[Black "Liu, Harry"]
[Result "1-0"]
[WhiteElo "1832"]
[BlackElo "1735"]
[PlyCount "57"]
[EventDate "2019.08.16"]
[EventType "swiss"]
[EventRounds "9"]
[EventCountry "CAN"]

1. d4 Nf6 2. c4 e6 3. Nc3 Bb4 4. Qc2 b6 5. a3 Bxc3+ 6. Qxc3 Bb7 7. Nf3 Ne4 8.
Qc2 f5 9. e3 d6 10. Be2 Nd7 11. O-O O-O 12. Nd2 Qg5 13. Nf3 Qf6 14. b4 e5 15.
dxe5 dxe5 16. Bb2 Ng5 17. Ne1 Qe7 18. Nd3 e4 19. Nf4 c5 20. Qc3 Nf6 21. Rfd1
Rfd8 22. h4 Ne6 23. Qe5 Re8 24. Qxf5 Nxf4 25. Qxf4 Rad8 26. Qg3 Kh8 27. b5 Nd7
28. h5 Qe6 29. Qxg7# 1-0

[Event "NAYCC U14"]
[Site "Kingston CAN"]
[Date "2019.08.17"]
[Round "4.128"]
[White "Wang, Eric"]
[Black "Zhou, Skyler"]
[Result "1/2-1/2"]
[WhiteElo "1554"]
[BlackElo "1851"]
[PlyCount "45"]
[EventDate "2019.08.16"]
[EventType "swiss"]
[EventRounds "9"]
[EventCountry "CAN"]

1. e4 c6 2. d4 d5 3. Nc3 dxe4 4. Nxe4 Bf5 5. Ng3 Bg6 6. Nf3 Nd7 7. Bc4 e6 8.
O-O Qc7 9. Re1 O-O-O 10. c3 Ngf6 11. Bd3 Bxd3 12. Qxd3 Bd6 13. Qc2 h5 14. Bg5
Bf4 15. Bxf4 Qxf4 16. Qd2 Qxd2 17. Nxd2 h4 18. Nge4 Nxe4 19. Nxe4 Nb6 20. Ng5
Rd7 21. Nf3 Re7 22. h3 f6 23. Re2 1/2-1/2

[Event "NAYCC U14"]
[Site "Kingston CAN"]
[Date "2019.08.17"]
[Round "4.129"]
[White "Gao, Raymond"]
[Black "De Costa, Benjamin"]
[Result "1-0"]
[WhiteElo "2136"]
[BlackElo "1332"]
[PlyCount "125"]
[EventDate "2019.08.16"]
[EventType "swiss"]
[EventRounds "9"]
[EventCountry "CAN"]

1. e4 c5 2. Nf3 e6 3. d4 cxd4 4. Nxd4 a6 5. Nc3 Qc7 6. Be3 Bb4 7. Nde2 Nf6 8.
a3 Be7 9. Na4 Qa5+ 10. Nec3 Bd8 11. b4 Qh5 12. Be2 Qg6 13. e5 Qxg2 14. Bf3 Qg6
15. exf6 Bxf6 16. Kf1 Bxc3 17. Nxc3 d5 18. Rg1 Qf5 19. Bg4 Qe5 20. Nxd5 exd5
21. Bxc8 Qc7 22. Bg4 Qc4+ 23. Be2 Qc3 24. Qd4 Qxd4 25. Bxd4 Nc6 26. Bxg7 Rg8
27. Bd3 O-O-O 28. Bf6 Rxg1+ 29. Kxg1 Rd6 30. Bg5 Ne5 31. Bf4 f6 32. Bxh7 Rd8
33. Bf5+ Kb8 34. Re1 Re8 35. Bxe5+ fxe5 36. Rd1 d4 37. Re1 Kc7 38. f4 Kd6 39.
fxe5+ Rxe5 40. Rxe5 Kxe5 41. Bc8 Ke4 42. Bxb7+ Ke3 43. Bxa6 Kd2 44. h4 Kxc2 45.
h5 d3 46. Bxd3+ Kxd3 47. h6 Kc3 48. h7 Kb3 49. h8=Q Kxa3 50. b5 Ka4 51. b6 Ka5
52. b7 Ka4 53. Qb2 Ka5 54. b8=N Ka4 55. Nd7 Ka5 56. Qb3 Ka6 57. Qb4 Ka7 58. Qb5
Ka8 59. Nf6 Ka7 60. Nd5 Ka8 61. Kf2 Ka7 62. Qb6+ Ka8 63. Nc7# 1-0

[Event "NAYCC U14"]
[Site "Kingston CAN"]
[Date "2019.08.17"]
[Round "4.130"]
[White "Hua, Charles"]
[Black "Yoker, Callum"]
[Result "1-0"]
[WhiteElo "2062"]
[BlackElo "1345"]
[PlyCount "45"]
[EventDate "2019.08.16"]
[EventType "swiss"]
[EventRounds "9"]
[EventCountry "CAN"]

1. e4 c5 2. c3 d5 3. exd5 Qxd5 4. d4 cxd4 5. cxd4 Nf6 6. Nf3 e6 7. Nc3 Qd8 8.
Bd3 Be7 9. O-O O-O 10. Bg5 Nc6 11. a3 a6 12. Bc2 Qc7 13. Qd3 g6 14. Ne4 Nh5 15.
Qe3 Re8 16. g4 Ng7 17. Bf6 Bf8 18. Be5 Nxe5 19. Nf6+ Kh8 20. dxe5 Qxc2 21. Qh6
g5 22. Nxg5 Qg6 23. Qxh7+ 1-0

[Event "NAYCC U14"]
[Site "Kingston CAN"]
[Date "2019.08.17"]
[Round "4.131"]
[White "Richard, Leo"]
[Black "Astudillo Cuevas, Alonso"]
[Result "1/2-1/2"]
[WhiteElo "1940"]
[BlackElo "1975"]
[PlyCount "103"]
[EventDate "2019.08.16"]
[EventType "swiss"]
[EventRounds "9"]
[EventCountry "CAN"]

1. d4 Nf6 2. Nf3 g6 3. c4 Bg7 4. Nc3 O-O 5. e4 d6 6. Bg5 Nbd7 7. Be2 c5 8. O-O
Re8 9. h3 cxd4 10. Nxd4 Ne5 11. f4 Nc6 12. Nxc6 bxc6 13. Kh1 h6 14. Bh4 Be6 15.
Qc2 Qd7 16. f5 gxf5 17. exf5 Kh8 18. fxe6 Qxe6 19. Bxf6 Bxf6 20. Ne4 Bd4 21.
Rad1 c5 22. Bg4 Qg6 23. Qe2 Rf8 24. Bf5 Qg7 25. Rf4 e6 26. Rg4 Qe5 27. Qd2 Qxf5
28. Qxh6+ Qh7 29. Qf4 Be5 30. Qf2 Qf5 31. Qe2 Bg7 32. Rg5 Qh7 33. Nf6 Bxf6 34.
Rh5 Be5 35. Rxh7+ Kxh7 36. Qh5+ Kg7 37. Qg5+ Kh7 38. Re1 Rg8 39. Qe7 Rg7 40.
Re4 a5 41. Qb7 Rag8 42. Rh4+ Kg6 43. Rg4+ Kf6 44. Rxg7 Rxg7 45. b3 Rg3 46. Qb6
Re3 47. Qd8+ Kf5 48. g4+ Ke4 49. Qa8+ Kd3 50. Qxa5 Rxh3+ 51. Kg2 Rh2+ 52. Kg1
1/2-1/2

[Event "NAYCC U14"]
[Site "Kingston CAN"]
[Date "2019.08.17"]
[Round "4.132"]
[White "Ran, Charles"]
[Black "Xing, Larrance"]
[Result "1/2-1/2"]
[WhiteElo "1619"]
[BlackElo "1746"]
[PlyCount "98"]
[EventDate "2019.08.16"]
[EventType "swiss"]
[EventRounds "9"]
[EventCountry "CAN"]

1. e4 e6 2. d4 d5 3. Nc3 Bb4 4. a3 Bxc3+ 5. bxc3 dxe4 6. Qg4 Qf6 7. Qxe4 Ne7 8.
Nf3 Qf5 9. Qe2 O-O 10. Nh4 Qd5 11. Be3 b6 12. c4 Qd8 13. Qh5 Ng6 14. Nf3 h6 15.
Bd3 Qf6 16. h4 Bb7 17. Bg5 Bxf3 18. gxf3 Qxd4 19. Rd1 Qe5+ 20. Kf1 Nf4 21. Qg4
Nxd3 22. Rxd3 Qf5 23. Qxf5 exf5 24. Bf4 Na6 25. Rd5 Rad8 26. Rxf5 Rd1+ 27. Kg2
Rxh1 28. Kxh1 Rd8 29. Rd5 Rxd5 30. cxd5 Kf8 31. c4 Ke7 32. Be5 f6 33. Bd4 Kd6
34. Kg2 Nb8 35. Kg3 c6 36. Be3 g5 37. hxg5 hxg5 38. f4 cxd5 39. fxg5 fxg5 40.
Bxg5 Nd7 41. cxd5 Kxd5 42. f4 b5 43. f5 a5 44. Bd2 b4 45. axb4 axb4 46. Bxb4
Ke5 47. Kg4 Kf6 48. Bc3+ Kf7 49. Kg5 Nc5 1/2-1/2

[Event "NAYCC U14"]
[Site "Kingston CAN"]
[Date "2019.08.17"]
[Round "4.133"]
[White "Clarke, Adam"]
[Black "Stoilov, Vadym"]
[Result "0-1"]
[WhiteElo "1072"]
[BlackElo "1626"]
[PlyCount "62"]
[EventDate "2019.08.16"]
[EventType "swiss"]
[EventRounds "9"]
[EventCountry "CAN"]

1. d4 d5 2. Nf3 Nf6 3. e3 e6 4. Nc3 Be7 5. Bd3 b6 6. O-O O-O 7. e4 Bb7 8. Be3
dxe4 9. Nxe4 Bxe4 10. Bxe4 Nxe4 11. Qd3 Nf6 12. Ng5 g6 13. Bf4 Nd5 14. Qg3 Nxf4
15. Qxf4 Bxg5 16. Qf3 Qd5 17. Qxd5 exd5 18. Rae1 Nc6 19. c3 Rfe8 20. Rxe8+ Rxe8
21. b4 Re2 22. a3 Nd8 23. a4 Rc2 24. f4 Bh6 25. Re1 Ne6 26. f5 gxf5 27. Re5 c6
28. b5 Rxc3 29. bxc6 Rxc6 30. Rxd5 Be3+ 31. Kh1 Rc1# 0-1

[Event "NAYCC U14"]
[Site "Kingston CAN"]
[Date "2019.08.17"]
[Round "4.134"]
[White "Joseph Benher, Savio"]
[Black "Ouellette, Alex"]
[Result "1-0"]
[WhiteElo "2033"]
[BlackElo "1393"]
[PlyCount "79"]
[EventDate "2019.08.16"]
[EventType "swiss"]
[EventRounds "9"]
[EventCountry "CAN"]

1. e4 c5 2. Nf3 d6 3. d4 cxd4 4. Nxd4 Nf6 5. Nc3 a6 6. Be3 e6 7. f3 Be7 8. Qd2
b5 9. O-O-O Bd7 10. Kb1 b4 11. Nce2 a5 12. g4 e5 13. Nf5 Bxf5 14. gxf5 Nbd7 15.
Nc1 Rb8 16. h4 Qc7 17. h5 h6 18. Be2 a4 19. Rdg1 Bf8 20. Bf2 Nc5 21. Nd3 b3 22.
Nxc5 dxc5 23. cxb3 axb3 24. a3 Qd7 25. Qc3 Qc7 26. Bc4 Nd7 27. Bxb3 Rg8 28.
Bxf7+ Kxf7 29. Qc4+ Ke7 30. Bh4+ Nf6 31. Bxf6+ gxf6 32. Qe6+ Kd8 33. Rd1+ Bd6
34. Rxd6+ Qxd6 35. Qxd6+ Kc8 36. Qc6+ Kd8 37. Rd1+ Ke7 38. Rd7+ Ke8 39. Qe6+
Kf8 40. Qe7# 1-0

[Event "NAYCC U14"]
[Site "Kingston CAN"]
[Date "2019.08.17"]
[Round "4.135"]
[White "He, Jinglai"]
[Black "Li, Kevin"]
[Result "0-1"]
[WhiteElo "1398"]
[BlackElo "1912"]
[PlyCount "88"]
[EventDate "2019.08.16"]
[EventType "swiss"]
[EventRounds "9"]
[EventCountry "CAN"]

1. d4 Nf6 2. c4 g6 3. g3 Bg7 4. Bg2 O-O 5. Nf3 c6 6. O-O d5 7. Nc3 h6 8. cxd5
cxd5 9. Ne5 Nc6 10. Nxc6 bxc6 11. e4 dxe4 12. Nxe4 Nd5 13. Nc3 Rb8 14. Nxd5
cxd5 15. b3 Bf5 16. Ba3 Re8 17. f4 h5 18. Re1 e6 19. h3 Qa5 20. Bc5 Rbc8 21. b4
Qa6 22. Bf1 Qa3 23. Kh2 a5 24. b5 Rxc5 25. dxc5 Bxa1 26. Qxa1 Qxc5 27. Qb2 Rc8
28. g4 hxg4 29. hxg4 Bxg4 30. Bd3 Qe7 31. Kg3 Bh5 32. b6 Qb7 33. Rc1 Rxc1 34.
Qxc1 Qxb6 35. Qc8+ Kh7 36. Qf8 Qg1+ 37. Kh3 Qg4+ 38. Kh2 Qxf4+ 39. Kg2 Qf3+ 40.
Kh2 Bg4 41. Bxg6+ Kxg6 42. Qg8+ Kf6 43. Qd8+ Kf5 44. Qxa5 Qf2+ 0-1

[Event "NAYCC U14"]
[Site "Kingston CAN"]
[Date "2019.08.17"]
[Round "4.136"]
[White "Xu, Philip"]
[Black "Mai, Deren"]
[Result "1/2-1/2"]
[WhiteElo "1083"]
[BlackElo "1277"]
[PlyCount "64"]
[EventDate "2019.08.16"]
[EventType "swiss"]
[EventRounds "9"]
[EventCountry "CAN"]

1. c4 e5 2. g3 g6 3. Nc3 Bg7 4. Bg2 Nc6 5. e4 d6 6. Nge2 Nge7 7. O-O O-O 8. d3
f5 9. f4 Nd4 10. Nxd4 exd4 11. Nd5 c6 12. Nxe7+ Qxe7 13. Re1 Qc7 14. Bd2 Be6
15. Qc2 c5 16. Re2 fxe4 17. Bxe4 Bg4 18. Bd5+ Kh8 19. Ree1 Rae8 20. Rxe8 Rxe8
21. Re1 Rxe1+ 22. Bxe1 Qe7 23. Qf2 b6 24. Bd2 Qe2 25. Qxe2 Bxe2 26. Be4 Bg4 27.
Kg2 Bf5 28. Bxf5 gxf5 29. h3 h5 30. Kf3 Kh7 31. g4 hxg4+ 32. hxg4 Kg6 1/2-1/2

[Event "NAYCC U14"]
[Site "Kingston CAN"]
[Date "2019.08.17"]
[Round "4.137"]
[White "Liu, Harry"]
[Black "Ning, Oswin"]
[Result "1-0"]
[WhiteElo "1735"]
[BlackElo "1805"]
[PlyCount "65"]
[EventDate "2019.08.16"]
[EventType "swiss"]
[EventRounds "9"]
[EventCountry "CAN"]

1. d4 d5 2. Bf4 Nf6 3. e3 Bf5 4. c4 c6 5. Qb3 Qb6 6. c5 Qxb3 7. axb3 e6 8. Nc3
Nbd7 9. b4 Be7 10. h3 O-O 11. b5 Rfc8 12. Nf3 Ne4 13. bxc6 bxc6 14. Ba6 Rf8 15.
Bb7 Rae8 16. Bxc6 Nef6 17. g4 Bg6 18. g5 Rc8 19. gxf6 Rxc6 20. fxe7 Re8 21.
Rxa7 Nf6 22. Ne5 Rcc8 23. Nxg6 fxg6 24. Nb5 Ra8 25. Rxa8 Rxa8 26. O-O Kf7 27.
e8=Q+ Nxe8 28. Nd6+ Nxd6 29. Bxd6 Ra2 30. Rc1 Ra8 31. b4 Ke8 32. b5 Kd7 33. Be5
1-0

[Event "NAYCC U14"]
[Site "Kingston CAN"]
[Date "2019.08.17"]
[Round "4.138"]
[White "Chakkoli, Anirud"]
[Black "Li, Wing"]
[Result "1-0"]
[WhiteElo "1769"]
[BlackElo "1619"]
[PlyCount "59"]
[EventDate "2019.08.16"]
[EventType "swiss"]
[EventRounds "9"]
[EventCountry "CAN"]

1. e4 c6 2. Nc3 d5 3. Nf3 Bg4 4. h3 Bh5 5. exd5 cxd5 6. g4 Bg6 7. Ne5 Nc6 8. d4
Nf6 9. Bb5 Rc8 10. h4 Ne4 11. Bxc6+ bxc6 12. h5 Nxc3 13. bxc3 Be4 14. f3 f6 15.
fxe4 fxe5 16. dxe5 dxe4 17. Qe2 Qd5 18. O-O Qxe5 19. Bf4 Qe6 20. Rad1 g6 21. h6
Rg8 22. Rd4 g5 23. Rxe4 Qxh6 24. Re6 Rg6 25. Qa6 Rd8 26. Qxc6+ Rd7 27. Bc7 Rf6
28. Rfxf6 Qxf6 29. Rxf6 exf6 30. Ba5 1-0

[Event "NAYCC U14"]
[Site "Kingston CAN"]
[Date "2019.08.17"]
[Round "4.139"]
[White "Wei, Hunter"]
[Black "Shubin, Daniel"]
[Result "0-1"]
[WhiteElo "1530"]
[BlackElo "2041"]
[PlyCount "78"]
[EventDate "2019.08.16"]
[EventType "swiss"]
[EventRounds "9"]
[EventCountry "CAN"]

1. e4 e6 2. d4 d5 3. e5 c5 4. c3 Nc6 5. Nf3 Qb6 6. a4 cxd4 7. cxd4 Nh6 8. Bxh6
Qxb2 9. Bxg7 Bxg7 10. Ra3 Bf8 11. Rb3 Bb4+ 12. Nbd2 Bxd2+ 13. Nxd2 Qxd4 14. Nf3
Qxa4 15. Bb5 Qe4+ 16. Qe2 Qxe2+ 17. Kxe2 Bd7 18. Bxc6 Bxc6 19. Rhb1 Rg8 20. g3
Rg4 21. Kd3 Re4 22. Ng5 Rxe5 23. Nxh7 O-O-O 24. h4 d4 25. Rc1 Rf5 26. f4 f6 27.
Rb2 Rh8 28. Nxf6 Rxf6 29. Kxd4 Rg6 30. Rg1 Rxh4 31. gxh4 Rxg1 32. Rh2 Rg6 33.
h5 Rh6 34. Ke5 Kc7 35. f5 exf5 36. Kxf5 Be8 37. Kg5 Rxh5+ 38. Rxh5 Bxh5 39.
Kxh5 a5 0-1

[Event "NAYCC U14"]
[Site "Kingston CAN"]
[Date "2019.08.17"]
[Round "4.140"]
[White "Yang, Henry"]
[Black "Wang, Edward"]
[Result "1-0"]
[WhiteElo "1527"]
[BlackElo "1111"]
[PlyCount "99"]
[EventDate "2019.08.16"]
[EventType "swiss"]
[EventRounds "9"]
[EventCountry "CAN"]

1. d4 d5 2. c4 dxc4 3. Nc3 Nf6 4. e4 e6 5. Bxc4 Bb4 6. f3 O-O 7. Nge2 c5 8. Be3
cxd4 9. Bxd4 Qc7 10. Bb3 e5 11. Be3 Nc6 12. O-O Re8 13. Rc1 Qe7 14. Kh1 Rd8 15.
Qe1 Nd4 16. Bd1 Be6 17. a3 Ba5 18. Qf2 Bb6 19. Na4 Nxe2 20. Bxe2 Bxe3 21. Qxe3
b6 22. Ba6 Rd4 23. Nc3 Bc4 24. Bxc4 Rxc4 25. Nd5 Nxd5 26. exd5 Rd4 27. Rfd1
Rxd1+ 28. Rxd1 Qd6 29. Kg1 Rc8 30. Kf2 f6 31. Qd3 Rc5 32. b4 Rc7 33. g3 g6 34.
h4 Kg7 35. g4 Rb7 36. Rc1 Rc7 37. Rxc7+ Qxc7 38. d6 Qd7 39. Qd5 Kf8 40. b5 Qf7
41. Qa8+ Kg7 42. Qc8 Qd5 43. Qc7+ Kh8 44. Qd8+ Kg7 45. Qc7+ Kh8 46. Qb8+ Kg7
47. Qxa7+ Kf8 48. Qb8+ Kf7 49. Qc7+ Ke6 50. Qe7# 1-0

[Event "NAYCC U14"]
[Site "Kingston CAN"]
[Date "2019.08.17"]
[Round "4.141"]
[White "Liu, Harrison"]
[Black "Trey, Justin"]
[Result "1-0"]
[WhiteElo "1684"]
[BlackElo "1419"]
[PlyCount "57"]
[EventDate "2019.08.16"]
[EventType "swiss"]
[EventRounds "9"]
[EventCountry "CAN"]

1. e4 e6 2. d4 d5 3. Nd2 dxe4 4. Nxe4 Nd7 5. Nf3 Ngf6 6. Ng3 Be7 7. Bc4 Nb6 8.
Bb3 Bd7 9. O-O O-O 10. Re1 c5 11. c3 Re8 12. h3 Bd6 13. dxc5 Bxc5 14. Bg5 Be7
15. Qe2 Nfd5 16. Bxe7 Nxe7 17. Rad1 Ng6 18. Ne4 Nf4 19. Qd2 Ng6 20. Nd6 Re7 21.
Ng5 Ba4 22. Bxa4 Nxa4 23. Qc2 Qa5 24. Ndxf7 Rxf7 25. Nxf7 Kxf7 26. Rd7+ Kf6 27.
Qe4 Nxb2 28. Qxe6+ Kg5 29. Rd5+ 1-0